[Event "75. Campeonato Brasileiro 2008 - Semifi"]
[Site "Dois Irmãos BRA"]
[Date "2008.10.30"]
[Round "1.1"]
[White "Fier, Alexandr"]
[Black "Lucena, Lincoln"]
[Result "1/2-1/2"]
[WhiteElo "2581"]
[BlackElo "2239"]
[PlyCount "69"]
[EventDate "2008.10.30"]
[EventRounds "7"]
[EventCountry "BRA"]
[Source "lmi"]
[SourceDate "2008.10.30"]

1. e4 c5 2. Nf3 Nc6 3. d4 cxd4 4. Nxd4 Nf6 5. Nc3 e5 6. Ndb5 h6 7. Be3 d6 8.
Nd5 Nxd5 9. exd5 Ne7 10. c3 Nf5 11. Bxa7 Bd7 12. a4 b6 13. b4 Be7 14. a5 bxa5
15. Rxa5 O-O 16. Qa1 Qc8 17. Na3 Qb7 18. Nc4 Bd8 19. Bb6 Bg5 20. Qd1 Rfc8 21.
Rxa8 Rxa8 22. Ba5 Bb5 23. Nb6 Bxf1 24. Kxf1 Ra6 25. Qd3 Ne7 26. h4 Bf6 27. Ke2
Rxb6 28. Bxb6 Qxb6 29. Ra1 Qb7 30. Qe4 g6 31. Ra5 Kg7 32. g3 h5 33. Kf1 Nf5 34.
Qc4 e4 35. Ra2 1/2-1/2

[Event "75. Campeonato Brasileiro 2008 - Semifi"]
[Site "Dois Irmãos BRA"]
[Date "2008.10.30"]
[Round "1.2"]
[White "Name, Gabriel Ricardo Sal"]
[Black "Di Berardino, Diego Rafael"]
[Result "0-1"]
[WhiteElo "2235"]
[BlackElo "2502"]
[PlyCount "58"]
[EventDate "2008.10.30"]
[EventRounds "7"]
[EventCountry "BRA"]
[Source "lmi"]
[SourceDate "2008.10.30"]

1. d4 d5 2. Nf3 Nf6 3. Bg5 Ne4 4. Bh4 c5 5. dxc5 Qa5+ 6. Nbd2 e6 7. c3 Nxd2 8.
Qxd2 Qxc5 9. e4 Bd6 10. Rd1 O-O 11. e5 Be7 12. b4 Qc7 13. Bg3 Bd7 14. Bd3 g6
15. O-O Bb5 16. Rfe1 Bxd3 17. Qxd3 Nd7 18. h4 Rfc8 19. Re3 a5 20. a3 Nb6 21.
Nd2 Na4 22. Nb1 Nb2 23. Qe2 Nxd1 24. Qxd1 axb4 25. axb4 Ra1 26. Re1 Qc4 27. h5
d4 28. cxd4 Bxb4 29. Rf1 Qc2 0-1

[Event "75. Campeonato Brasileiro 2008 - Semifi"]
[Site "Dois Irmãos BRA"]
[Date "2008.10.30"]
[Round "1.3"]
[White "Bittencourt, Jorge"]
[Black "Mascarenhas, Alberto Pinheiro"]
[Result "1-0"]
[WhiteElo "2455"]
[BlackElo "2228"]
[PlyCount "53"]
[EventDate "2008.10.30"]
[EventRounds "7"]
[EventCountry "BRA"]
[Source "lmi"]
[SourceDate "2008.10.30"]

1. e4 c5 2. Nf3 e6 3. d4 cxd4 4. Nxd4 Nf6 5. Nc3 d6 6. Be3 Be7 7. f3 a6 8. Qd2
O-O 9. O-O-O Nc6 10. g4 Nxd4 11. Bxd4 e5 12. Be3 Be6 13. g5 Nh5 14. Rg1 Rc8 15.
Kb1 Qc7 16. Nd5 Bxd5 17. exd5 Qd7 18. h4 g6 19. Qh2 Qc7 20. Bh3 Rb8 21. Bg4 b5
22. Bxh5 gxh5 23. f4 exf4 24. Qxf4 Rbc8 25. Rg2 Qd7 26. Bd4 Rce8 27. Qf3 1-0

[Event "75. Campeonato Brasileiro 2008 - Semifi"]
[Site "Dois Irmãos BRA"]
[Date "2008.10.30"]
[Round "1.4"]
[White "Santos Neto, Francisco Jose dos"]
[Black "Molina, Roberto Junio Brito"]
[Result "1/2-1/2"]
[WhiteElo "2216"]
[BlackElo "2395"]
[PlyCount "84"]
[EventDate "2008.10.30"]
[EventRounds "7"]
[EventCountry "BRA"]
[Source "lmi"]
[SourceDate "2008.10.30"]

1. e4 c6 2. c4 d5 3. exd5 cxd5 4. cxd5 Qxd5 5. Nc3 Qd6 6. Bc4 Nf6 7. Qb3 e6 8.
Nf3 Nc6 9. d4 Be7 10. O-O O-O 11. Qd1 a6 12. a3 b5 13. Bd3 Rd8 14. Ne4 Nxe4 15.
Bxe4 Bb7 16. Be3 Rac8 17. Rc1 Na5 18. Bxb7 Nxb7 19. Qd2 Qd5 20. Rxc8 Rxc8 21.
Rc1 Rd8 22. Qc2 Nd6 23. Qc7 Bf6 24. Qc6 Nc4 25. Qxd5 Rxd5 26. b3 Nxa3 27. Bd2
Be7 28. Rc7 Kf8 29. Rxe7 Kxe7 30. Bb4+ Kd7 31. Bxa3 f6 32. Kf1 a5 33. Ke2 Kc6
34. Kd3 b4 35. Bb2 Kb5 36. Nd2 Rd8 37. Ne4 e5 38. Nc5 Rd6 39. Na4 exd4 40. Bxd4
Re6 41. Be3 Rd6+ 42. Bd4 Re6 1/2-1/2

[Event "75. Campeonato Brasileiro 2008 - Semifi"]
[Site "Dois Irmãos BRA"]
[Date "2008.10.30"]
[Round "1.6"]
[White "Barbosa, Evandro Amorim"]
[Black "Oliveira, Silvio Eduardo"]
[Result "0-1"]
[WhiteElo "2182"]
[BlackElo "2345"]
[PlyCount "76"]
[EventDate "2008.10.30"]
[EventRounds "7"]
[EventCountry "BRA"]
[Source "lmi"]
[SourceDate "2008.10.30"]

1. e4 c5 2. c3 Nf6 3. e5 Nd5 4. d4 cxd4 5. Nf3 Nc6 6. Bc4 Nb6 7. Bb3 d5 8. exd6
Qxd6 9. O-O Be6 10. Na3 dxc3 11. Qe2 Bxb3 12. Nb5 Qb8 13. axb3 e6 14. g3 Qc8
15. Be3 Nd5 16. Nxa7 Nxa7 17. Bxa7 cxb2 18. Qxb2 b6 19. Qd4 Qb7 20. Qa4+ b5 21.
Qd4 Nb4 22. Bb6 Rb8 23. Rfd1 Nd5 24. Bc5 Bxc5 25. Qxc5 Rc8 26. Qd6 Rc6 27. Qa3
b4 28. Qa8+ Qc8 29. Ne5 Rc3 30. Qa4+ Ke7 31. Qb5 Qc7 32. Ra6 Qxe5 33. Ra7+ Kf6
34. Qd7 Rc7 35. Rxc7 Nxc7 36. Rd3 Kg6 37. Qe7 Qa1+ 38. Kg2 Nd5 0-1

[Event "75. Campeonato Brasileiro 2008 - Semifi"]
[Site "Dois Irmãos BRA"]
[Date "2008.10.30"]
[Round "1.7"]
[White "Brito, Luismar"]
[Black "Rocha, Cesidio Monteiro"]
[Result "1-0"]
[WhiteElo "2342"]
[BlackElo "2157"]
[PlyCount "115"]
[EventDate "2008.10.30"]
[EventRounds "7"]
[EventCountry "BRA"]
[Source "lmi"]
[SourceDate "2008.10.30"]

1. e4 c5 2. Nc3 g6 3. Nf3 Nc6 4. d4 cxd4 5. Nxd4 Bg7 6. Be3 Nf6 7. Bc4 O-O 8.
Bb3 a5 9. a4 Ng4 10. Qxg4 Nxd4 11. Qd1 Nxb3 12. cxb3 d6 13. Bd4 Be6 14. Bxg7
Kxg7 15. Qd4+ f6 16. b4 Rc8 17. bxa5 Qxa5 18. O-O Rc4 19. Qe3 Qc5 20. Qxc5 Rxc5
21. f3 f5 22. Rfe1 f4 23. Red1 g5 24. Rd4 Rc4 25. Rxc4 Bxc4 26. Kf2 Rc8 27. Ke1
Kf6 28. Kd2 Ke5 29. b3 Be6 30. h3 h5 31. b4 g4 32. hxg4 hxg4 33. Rh1 gxf3 34.
gxf3 Bb3 35. a5 Rg8 36. Kd3 Rg3 37. Rh5+ Ke6 38. Ne2 Rxf3+ 39. Kd2 Kd7 40. Rh4
e5 41. Rh7+ Kc6 42. Nc3 Bc4 43. Rh8 Kc7 44. b5 Rf2+ 45. Ke1 Rc2 46. b6+ Kd7 47.
Rh3 d5 48. Kd1 Rg2 49. exd5 Rg3 50. Rh7+ Kd8 51. Rh8+ Ke7 52. d6+ Kxd6 53. Ne4+
Kc6 54. Rc8+ Kd5 55. Nxg3 fxg3 56. Rg8 Kc5 57. Rxg3 Kb5 58. Ra3 1-0

[Event "75. Campeonato Brasileiro 2008 - Semifi"]
[Site "Dois Irmãos BRA"]
[Date "2008.10.30"]
[Round "1.8"]
[White "Mafra, Kaiser Luiz"]
[Black "Jatoba de Oliveira Reis, Paulo"]
[Result "0-1"]
[WhiteElo "2148"]
[BlackElo "2332"]
[PlyCount "74"]
[EventDate "2008.10.30"]
[EventRounds "7"]
[EventCountry "BRA"]
[Source "lmi"]
[SourceDate "2008.10.30"]

1. d4 e6 2. Nf3 Nf6 3. c4 Bb4+ 4. Bd2 Bxd2+ 5. Nbxd2 d6 6. e3 Qe7 7. Qc2 O-O 8.
Bd3 e5 9. O-O Nc6 10. a3 Bg4 11. Bf5 Bh5 12. b4 Rfe8 13. b5 Nb8 14. Ne4 Bxf3
15. gxf3 Nbd7 16. Bxd7 Nxd7 17. Ng3 exd4 18. exd4 Qh4 19. Qf5 Re6 20. Rfe1 Qxd4
21. Rxe6 Qxa1+ 22. Kg2 g6 23. Rxg6+ fxg6 24. Qxd7 Qg7 25. Qe6+ Qf7 26. Qe4 Rf8
27. Qxb7 Qxc4 28. Qxa7 Qxb5 29. Qxc7 Qd3 30. f4 Qd5+ 31. f3 Qd2+ 32. Kh3 Qxf4
33. a4 h5 34. Qd7 h4 35. Qe6+ Kg7 36. Qe7+ Rf7 37. Qxh4 Qxh4+ 0-1

[Event "75. Campeonato Brasileiro 2008 - Semifi"]
[Site "Dois Irmãos BRA"]
[Date "2008.10.30"]
[Round "1.9"]
[White "Barreto Filho, Carlos Alberto"]
[Black "Gomez, Gustavo Pizzocaro"]
[Result "1-0"]
[WhiteElo "2300"]
[BlackElo "2134"]
[PlyCount "95"]
[EventDate "2008.10.30"]
[EventRounds "7"]
[EventCountry "BRA"]
[Source "lmi"]
[SourceDate "2008.10.30"]

1. d4 Nf6 2. Nf3 e6 3. Bg5 Be7 4. Nbd2 d5 5. e3 h6 6. Bxf6 Bxf6 7. Bd3 O-O 8.
O-O c5 9. c3 cxd4 10. exd4 b6 11. Qe2 a5 12. a4 Ba6 13. Bxa6 Nxa6 14. Rfe1 Nc7
15. Nf1 g6 16. Ne3 Ne8 17. Ng4 Bg7 18. h4 h5 19. Nge5 Bxe5 20. dxe5 Ng7 21. g3
Nf5 22. Red1 Rc8 23. Nd4 Nxd4 24. Rxd4 Rc5 25. Rad1 Qc7 26. g4 hxg4 27. Rxg4
Rc4 28. Rdd4 Rxd4 29. Rxd4 Kg7 30. h5 Qe7 31. Qg4 Rg8 32. hxg6 fxg6 33. Rf4 Rf8
34. Rxf8 Qxf8 35. Qxe6 Qf3 36. Qe7+ Kg8 37. Qe8+ Kg7 38. Qe7+ Kg8 39. Qg5 Qe4
40. Qf6 Qg4+ 41. Kh2 g5 42. f3 Qh4+ 43. Kg2 Qxa4 44. Qxg5+ Kh7 45. Qh5+ Kg7 46.
Qg4+ Qxg4+ 47. fxg4 b5 48. Kf2 1-0

[Event "75. Campeonato Brasileiro 2008 - Semifi"]
[Site "Dois Irmãos BRA"]
[Date "2008.10.30"]
[Round "1.10"]
[White "Feliciano, Vanessa"]
[Black "Prates, Fabiano Fortes"]
[Result "0-1"]
[WhiteElo "2126"]
[BlackElo "2298"]
[PlyCount "50"]
[EventDate "2008.10.30"]
[EventRounds "7"]
[EventCountry "BRA"]
[Source "lmi"]
[SourceDate "2008.10.30"]

1. e4 e6 2. d3 d5 3. Nd2 Nf6 4. Ngf3 Bc5 5. e5 Nfd7 6. g3 Bb6 7. Bg2 c5 8. O-O
Nc6 9. Re1 Bc7 10. c4 O-O 11. Nb3 dxc4 12. dxc4 Ncxe5 13. Nxe5 Bxe5 14. Nxc5
Nxc5 15. Qxd8 Rxd8 16. Rxe5 Rd1+ 17. Bf1 Nd3 18. Re3 Nxc1 19. Kg2 b6 20. Be2
Bb7+ 21. Bf3 Bxf3+ 22. Rxf3 Rad8 23. Re3 R8d2 24. b4 Rc2 25. Ra3 Rdd2 0-1

[Event "75. Campeonato Brasileiro 2008 - Semifi"]
[Site "Dois Irmãos BRA"]
[Date "2008.10.30"]
[Round "1.11"]
[White "Gonzalez, Bolivar Ribeiro"]
[Black "Veit, Darlan Rodrigo"]
[Result "1-0"]
[WhiteElo "2277"]
[BlackElo "2123"]
[PlyCount "58"]
[EventDate "2008.10.30"]
[EventRounds "7"]
[EventCountry "BRA"]
[Source "lmi"]
[SourceDate "2008.10.30"]

1. e4 c5 2. Nf3 e6 3. d4 cxd4 4. Nxd4 Nf6 5. Nc3 d6 6. g4 e5 7. Nf5 h5 8. g5
Nxe4 9. Nxg7+ Bxg7 10. Nxe4 d5 11. Ng3 h4 12. Nh5 Kf8 13. Bg2 h3 14. Bf3 e4 15.
Be2 Nc6 16. O-O Bxb2 17. Kh1 Bxc1 18. Qxc1 Nd4 19. Bd1 Rg8 20. Nf6 Rg6 21. Bh5
Rxf6 22. gxf6 Qxf6 23. Rg1 Nf3 24. Qa3+ Ke8 25. Rg8+ Kd7 26. Bg4+ Kc7 27. Qc5+
Qc6 28. Qe7+ Kb6 29. Rb1+ Ka5 1-0

[Event "75. Campeonato Brasileiro 2008 - Semifi"]
[Site "Dois Irmãos BRA"]
[Date "2008.10.30"]
[Round "1.12"]
[White "Torres, Douglas Da Silva"]
[Black "Bueno, Alfeu Junior Varela"]
[Result "0-1"]
[WhiteElo "2083"]
[BlackElo "2274"]
[PlyCount "102"]
[EventDate "2008.10.30"]
[EventRounds "7"]
[EventCountry "BRA"]
[Source "lmi"]
[SourceDate "2008.10.30"]

1. c4 e5 2. Nc3 Nc6 3. g3 f5 4. Bg2 Nf6 5. d3 Bb4 6. Bd2 O-O 7. Nd5 Bxd2+ 8.
Qxd2 d6 9. e3 Ne7 10. Ne2 c6 11. Nxf6+ Rxf6 12. d4 Rf8 13. O-O Be6 14. Qc3 Qc7
15. Rfd1 Rad8 16. Rd2 Ng6 17. f4 e4 18. d5 Bf7 19. Nd4 Ne7 20. dxc6 bxc6 21. g4
fxg4 22. Bxe4 Qc8 23. Rg2 d5 24. Bf3 c5 25. Nf5 Nxf5 26. Bxg4 d4 27. Qd3 Be6
28. Qe4 Bxc4 29. Qe5 Qe6 30. Qxe6+ Bxe6 31. e4 g6 32. exf5 Bxf5 33. Bxf5 Rxf5
34. Rc2 d3 35. Rf2 Rd4 36. Kg2 Kf7 37. Kg3 Ke6 38. b3 Kd5 39. h4 h6 40. Rf3 Rf8
41. Rd1 Ke4 42. Re1+ Kf5 43. Re5+ Kf6 44. Rf1 Rc8 45. Rd1 Rc6 46. Kf3 h5 47.
Rc1 Re6 48. Rexc5 d2 49. Rd1 Re1 50. Rc6+ Kg7 51. Rxd2 Rxd2 0-1

[Event "75. Campeonato Brasileiro 2008 - Semifi"]
[Site "Dois Irmãos BRA"]
[Date "2008.10.30"]
[Round "1.13"]
[White "Cavalcanti, Francisco de Assis"]
[Black "Chaves, Joara"]
[Result "1-0"]
[WhiteElo "2271"]
[BlackElo "2065"]
[PlyCount "79"]
[EventDate "2008.10.30"]
[EventRounds "7"]
[EventCountry "BRA"]
[Source "lmi"]
[SourceDate "2008.10.30"]

1. e4 e5 2. Nf3 Nc6 3. Bb5 a6 4. Ba4 Nf6 5. O-O Be7 6. Re1 b5 7. Bb3 d6 8. c3
O-O 9. d3 h6 10. Nbd2 Re8 11. Nf1 Bf8 12. a4 Be6 13. Bxe6 Rxe6 14. Ne3 Ne7 15.
Qb3 c6 16. Bd2 Nd7 17. Qc2 Nb6 18. b3 Ng6 19. c4 bxa4 20. Ba5 Rb8 21. c5 dxc5
22. Nc4 axb3 23. Qb1 b2 24. Ra2 Nf4 25. Rxb2 Qxd3 26. Ncxe5 Qa3 27. Bd2 Ng6 28.
Ra2 Nc4 29. Nxc4 Rxb1 30. Rxa3 Rxe1+ 31. Bxe1 Rxe4 32. Ne3 Nf4 33. Rxa6 Nd5 34.
Bd2 Ne7 35. Ra8 g5 36. h3 f5 37. Bc3 Kf7 38. Ne5+ Kg8 39. Nd7 Ng6 40. Nf6+ 1-0

[Event "75. Campeonato Brasileiro 2008 - Semifi"]
[Site "Dois Irmãos BRA"]
[Date "2008.10.30"]
[Round "1.15"]
[White "Fier, Alexandr"]
[Black "Silva, Eduardo Munoa"]
[Result "0-1"]
[WhiteElo "2581"]
[BlackElo "2045"]
[PlyCount "90"]
[EventDate "2008.10.30"]
[EventRounds "7"]
[EventCountry "BRA"]
[Source "lmi"]
[SourceDate "2008.10.30"]

1. d4 Nf6 2. Nf3 e6 3. g3 c5 4. Bg2 Nc6 5. O-O a6 6. c4 cxd4 7. Nxd4 Qc7 8.
Nxc6 bxc6 9. Nc3 Rb8 10. b3 Be7 11. Bb2 O-O 12. Qd3 a5 13. e4 Ba6 14. Rfe1 d5
15. Qf3 dxc4 16. e5 Nd5 17. Ne4 Rfd8 18. Nf6+ gxf6 19. exf6 Bd6 20. Qg4+ Kf8
21. Qg7+ Ke8 22. Bh3 Bc8 23. Qg8+ Bf8 24. Be5 Qa7 25. Bxb8 Qxb8 26. Bxe6 Bxe6
27. Rxe6+ fxe6 28. Qxe6+ Be7 29. Re1 Qd6 30. fxe7 Nxe7 31. Qxc4 Qd5 32. Qh4 Qf7
33. Qe4 Rd5 34. b4 axb4 35. Qxb4 Qf6 36. a4 Kf7 37. a5 Nf5 38. Qb8 Rd8 39. Qc7+
Kg6 40. Re4 h5 41. a6 Qd6 42. Qa5 Qd1+ 43. Re1 Qd5 44. Qc3 Nd4 45. Qd3+ Qf5 0-1

[Event "75. Campeonato Brasileiro 2008 - Semifi"]
[Site "Dois Irmãos BRA"]
[Date "2008.10.30"]
[Round "1.16"]
[White "Pereira, Amanda Marques"]
[Black "Santiago, Yago De Moura"]
[Result "0-1"]
[WhiteElo "1878"]
[BlackElo "2249"]
[PlyCount "78"]
[EventDate "2008.10.30"]
[EventRounds "7"]
[EventCountry "BRA"]
[Source "lmi"]
[SourceDate "2008.10.30"]

1. e4 c5 2. c3 Nf6 3. e5 Nd5 4. d4 cxd4 5. Nf3 Nc6 6. Bc4 Nb6 7. Bb3 d5 8. exd6
Qxd6 9. O-O e6 10. cxd4 Be7 11. Nc3 a6 12. Ne4 Qd8 13. Bf4 O-O 14. a3 Nd5 15.
Bd2 Nf6 16. Nxf6+ Bxf6 17. Bc3 Ne7 18. Qd3 Nd5 19. Bc2 g6 20. Ne5 b5 21. Nc6
Qd6 22. Nb4 Bb7 23. Qf3 Nxc3 24. Qxb7 Ne2+ 25. Kh1 Nxd4 26. Rfd1 a5 27. Na2 Qf4
28. Qe4 Qxf2 29. Rf1 Qxc2 30. Qxc2 Nxc2 31. Rac1 Ne3 32. Rxf6 Nf5 33. g4 Kg7
34. g5 Rac8 35. Rd1 Rfd8 36. Re1 h6 37. h4 hxg5 38. hxg5 Rh8+ 39. Kg2 Rh5 0-1

[Event "75. Campeonato Brasileiro 2008 - Semifi"]
[Site "Dois Irmãos BRA"]
[Date "2008.10.30"]
[Round "2.1"]
[White "Di Berardino, Diego Rafael"]
[Black "Gonzalez, Bolivar Ribeiro"]
[Result "1-0"]
[WhiteElo "2502"]
[BlackElo "2277"]
[PlyCount "99"]
[EventDate "2008.10.30"]
[EventRounds "7"]
[EventCountry "BRA"]
[Source "lmi"]
[SourceDate "2008.10.30"]

1. e4 c5 2. Nf3 d6 3. d4 cxd4 4. Nxd4 Nf6 5. Nc3 a6 6. Be3 Ng4 7. Bg5 h6 8. Bc1
Nc6 9. Be2 Nf6 10. Be3 e5 11. Nb3 Be7 12. O-O O-O 13. a4 Be6 14. Bf3 Rc8 15.
Qd2 Nb8 16. a5 Nbd7 17. Nd5 Nxd5 18. exd5 Bf5 19. Rfc1 Bh7 20. Be2 f5 21. f4 g5
22. g3 Kh8 23. Kh1 Nf6 24. Bf3 Rg8 25. Bb6 Qf8 26. Rg1 Rc4 27. Qe2 Re4 28. Bxe4
Nxe4 29. Raf1 Bf6 30. Nd2 Nxd2 31. Qxd2 Qf7 32. c4 Rc8 33. b3 Qg7 34. Qb4 Qd7
35. Re1 Bg6 36. Rgf1 Re8 37. fxe5 dxe5 38. Bc5 Kg7 39. Qd2 h5 40. Ba3 Rh8 41.
Bb2 h4 42. Bxe5 Bxe5 43. Rxe5 hxg3 44. Qxg5 Rxh2+ 45. Kg1 Qd6 46. Qxg3 Re2 47.
Rfxf5 Qc5+ 48. Kf1 Rc2 49. Re1 Qd4 50. Re7+ 1-0

[Event "75. Campeonato Brasileiro 2008 - Semifi"]
[Site "Dois Irmãos BRA"]
[Date "2008.10.30"]
[Round "2.2"]
[White "Bueno, Alfeu Junior Varela"]
[Black "Bittencourt, Jorge"]
[Result "0-1"]
[WhiteElo "2274"]
[BlackElo "2455"]
[PlyCount "60"]
[EventDate "2008.10.30"]
[EventRounds "7"]
[EventCountry "BRA"]
[Source "lmi"]
[SourceDate "2008.10.30"]

1. e4 c5 2. Nc3 d6 3. f4 g6 4. Nf3 Bg7 5. Bb5+ Bd7 6. Bxd7+ Qxd7 7. O-O Nc6 8.
d3 e6 9. Be3 Nge7 10. d4 cxd4 11. Nxd4 O-O 12. Qd2 Rfd8 13. Rad1 d5 14. exd5
exd5 15. f5 Bxd4 16. Bxd4 Nxd4 17. fxg6 Ndf5 18. gxf7+ Kxf7 19. Qh6 Kg8 20.
Qg5+ Kh8 21. Nxd5 Qe6 22. Nxe7 Rxd1 23. Nxf5 Qb6+ 24. Ne3 Rxf1+ 25. Kxf1 Rf8+
26. Ke1 Qxb2 27. Qc5 Re8 28. Qxa7 b6 29. Kf2 Qb4 30. Kg1 Qc5 0-1

[Event "75. Campeonato Brasileiro 2008 - Semifi"]
[Site "Dois Irmãos BRA"]
[Date "2008.10.30"]
[Round "2.3"]
[White "Oliveira, Silvio Eduardo"]
[Black "Cavalcanti, Francisco de Assis"]
[Result "1-0"]
[WhiteElo "2345"]
[BlackElo "2271"]
[PlyCount "81"]
[EventDate "2008.10.30"]
[EventRounds "7"]
[EventCountry "BRA"]
[Source "lmi"]
[SourceDate "2008.10.30"]

1. e4 e6 2. d4 d5 3. Nc3 Bb4 4. e5 Qd7 5. Bd2 b6 6. Nce2 Bf8 7. h4 Ba6 8. h5 h6
9. f4 Ne7 10. Nf3 c5 11. c3 Nbc6 12. g4 Na5 13. b3 Nec6 14. Bh3 cxd4 15. Nexd4
Nxd4 16. cxd4 Nc6 17. Kf2 Ba3 18. Be1 Rc8 19. f5 Nb4 20. Bxb4 Bxb4 21. Rc1 Rxc1
22. Qxc1 Bd3 23. f6 gxf6 24. exf6 Bd6 25. Ne5 Bxe5 26. dxe5 Kd8 27. Qc3 Ba6 28.
Rc1 Rg8 29. Qb4 Rh8 30. Bg2 Rg8 31. Bf3 Rh8 32. a4 Rg8 33. a5 b5 34. Be2 d4 35.
Rd1 Kc8 36. Rxd4 Qc7 37. Bxb5 Bxb5 38. Qxb5 Qc2+ 39. Kf3 Qc3+ 40. Rd3 Qe1 41.
Qd7+ 1-0

[Event "75. Campeonato Brasileiro 2008 - Semifi"]
[Site "Dois Irmãos BRA"]
[Date "2008.10.30"]
[Round "2.4"]
[White "Macedo, Maximo Iack"]
[Black "Brito, Luismar"]
[Result "1/2-1/2"]
[WhiteElo "2264"]
[BlackElo "2342"]
[PlyCount "44"]
[EventDate "2008.10.30"]
[EventRounds "7"]
[EventCountry "BRA"]
[Source "lmi"]
[SourceDate "2008.10.30"]

1. d4 c5 2. d5 e5 3. e4 d6 4. Nc3 Be7 5. Nf3 Bg4 6. Bb5+ Nd7 7. h3 Bxf3 8. Qxf3
a6 9. Bxd7+ Qxd7 10. a4 h6 11. Qg4 g6 12. Be3 Bd8 13. a5 Ne7 14. Qxd7+ Kxd7 15.
Nb1 f5 16. f3 Nc8 17. Nd2 b5 18. axb6 Nxb6 19. Ke2 Bg5 20. Ra5 Bxe3 21. Kxe3
Kc7 22. Rha1 Kb7 1/2-1/2

[Event "75. Campeonato Brasileiro 2008 - Semifi"]
[Site "Dois Irmãos BRA"]
[Date "2008.10.30"]
[Round "2.5"]
[White "Jatoba de Oliveira Reis, Paulo"]
[Black "Santiago, Yago De Moura"]
[Result "0-1"]
[WhiteElo "2332"]
[BlackElo "2249"]
[PlyCount "77"]
[EventDate "2008.10.30"]
[EventRounds "7"]
[EventCountry "BRA"]
[Source "lmi"]
[SourceDate "2008.10.30"]

1. Nf3 Nf6 2. g3 g6 3. Bg2 Bg7 4. c4 O-O 5. Nc3 c6 6. d4 d6 7. O-O Nbd7 8. b3
e5 9. e4 exd4 10. Nxd4 Nc5 11. Bb2 Re8 12. Qc2 a5 13. Rad1 Qb6 14. h3 Nfd7 15.
Kh2 a4 16. Nce2 Na6 17. Nc1 Nb4 18. Qb1 axb3 19. axb3 Nc5 20. Rfe1 Bd7 21. Nc2
Bxb2 22. Qxb2 Nxc2 23. Qxc2 Re6 24. Qd2 Rae8 25. f3 Bc8 26. b4 Nd7 27. Nd3 Qd4
28. Nf4 Qxd2 29. Rxd2 Rf6 30. h4 h6 31. Re3 Re5 32. Rc3 g5 33. Nh5 Rg6 34. c5
dxc5 35. Rxc5 gxh4 36. gxh4 b6 37. Rc3 f5 38. Rd4 fxe4 39. Rxe4 0-1

[Event "75. Campeonato Brasileiro 2008 - Semifi"]
[Site "Dois Irmãos BRA"]
[Date "2008.10.30"]
[Round "2.6"]
[White "Silva, Eduardo Munoa"]
[Black "Barreto Filho, Carlos Alberto"]
[Result "1-0"]
[WhiteElo "2045"]
[BlackElo "2300"]
[PlyCount "49"]
[EventDate "2008.10.30"]
[EventRounds "7"]
[EventCountry "BRA"]
[Source "lmi"]
[SourceDate "2008.10.30"]

1. d4 Nf6 2. c4 g6 3. Nc3 Bg7 4. e4 d6 5. Be2 O-O 6. Nf3 e5 7. O-O exd4 8. Nxd4
Re8 9. f3 Nc6 10. Nc2 Be6 11. Be3 Ne5 12. b3 Nfd7 13. Qd2 Nc6 14. Rac1 f5 15.
Nd4 Nxd4 16. Bxd4 Bxd4+ 17. Qxd4 Qf6 18. Qd2 fxe4 19. Nxe4 Qe5 20. Rfe1 a5 21.
c5 d5 22. Ng5 c6 23. Ba6 Qb8 24. Nxe6 bxa6 25. Qd4 1-0

[Event "75. Campeonato Brasileiro 2008 - Semifi"]
[Site "Dois Irmãos BRA"]
[Date "2008.10.30"]
[Round "2.8"]
[White "Calcado, Acyr Rogerio"]
[Black "Fier, Alexandr"]
[Result "0-1"]
[WhiteElo "2184"]
[BlackElo "2581"]
[PlyCount "96"]
[EventDate "2008.10.30"]
[EventRounds "7"]
[EventCountry "BRA"]
[Source "lmi"]
[SourceDate "2008.10.30"]

1. e4 c5 2. Nf3 d6 3. d4 cxd4 4. Nxd4 Nf6 5. Nc3 e6 6. Be3 a6 7. f3 b5 8. Qd2
Nbd7 9. g4 h6 10. h4 b4 11. Nce2 d5 12. Rg1 dxe4 13. f4 Nd5 14. g5 Bb7 15.
O-O-O hxg5 16. hxg5 N7b6 17. Ng3 Qc7 18. g6 Nxe3 19. gxf7+ Qxf7 20. Qxe3 O-O-O
21. Nxe4 Nd5 22. Ng5 Nxe3 23. Nxf7 Bc5 24. Rd3 Nxf1 25. Rxf1 Bxd4 26. Nxh8 Be4
27. Nf7 Bxd3 28. cxd3 Rf8 29. Ng5 e5 30. Ne6 Be3+ 31. Kd1 Rf6 32. Nxg7 exf4 33.
Ke2 Rg6 34. Nf5 Rg2+ 35. Kf3 Rxb2 36. a3 bxa3 37. Nxe3 fxe3 38. Kxe3 a2 39. Ra1
a5 40. Kd4 a4 41. Kc3 a3 42. Kc4 Kb7 43. Kc5 Ka6 44. d4 Ka5 45. Kc4 Ka4 46. d5
Rc2+ 47. Kd3 Kb3 48. d6 Rc6 0-1

[Event "75. Campeonato Brasileiro 2008 - Semifi"]
[Site "Dois Irmãos BRA"]
[Date "2008.10.30"]
[Round "2.9"]
[White "Molina, Roberto Junio Brito"]
[Black "Disconzi da Silva, Rodrigo"]
[Result "1/2-1/2"]
[WhiteElo "2395"]
[BlackElo "2352"]
[PlyCount "42"]
[EventDate "2008.10.30"]
[EventRounds "7"]
[EventCountry "BRA"]
[Source "lmi"]
[SourceDate "2008.10.30"]

1. d4 Nf6 2. c4 d6 3. Nc3 e5 4. Nf3 e4 5. Nd2 Qe7 6. e3 g6 7. g3 c6 8. Bg2 d5
9. O-O Bg7 10. f3 exf3 11. Qxf3 Bg4 12. Qf4 Be6 13. e4 dxe4 14. Ndxe4 Nxe4 15.
Nxe4 O-O 16. b3 Bxd4+ 17. Be3 Bxe3+ 18. Qxe3 Bf5 19. Qc5 Qxc5+ 20. Nxc5 b6 21.
Na4 Rc8 1/2-1/2

[Event "75. Campeonato Brasileiro 2008 - Semifi"]
[Site "Dois Irmãos BRA"]
[Date "2008.10.30"]
[Round "2.10"]
[White "Lucena, Lincoln"]
[Black "Santos Neto, Francisco Jose dos"]
[Result "1-0"]
[WhiteElo "2239"]
[BlackElo "2216"]
[PlyCount "42"]
[EventDate "2008.10.30"]
[EventRounds "7"]
[EventCountry "BRA"]
[Source "lmi"]
[SourceDate "2008.10.30"]

1. Nf3 c5 2. g3 b6 3. Bg2 Bb7 4. O-O g6 5. c4 Bg7 6. Nc3 Nf6 7. d3 O-O 8. Rb1
Nc6 9. e3 d5 10. Qe2 d4 11. exd4 Nxd4 12. Nxd4 Bxg2 13. Kxg2 Qxd4 14. Bf4 Nh5
15. Be3 Qd7 16. Rfd1 e5 17. g4 f5 18. gxh5 f4 19. Kh1 fxe3 20. fxe3 gxh5 21.
Rg1 Qf5 1-0

[Event "75. Campeonato Brasileiro 2008 - Semifi"]
[Site "Dois Irmãos BRA"]
[Date "2008.10.30"]
[Round "2.11"]
[White "Feliciano, Vanessa"]
[Black "Chemin, Vitorio"]
[Result "0-1"]
[WhiteElo "2126"]
[BlackElo "2253"]
[PlyCount "101"]
[EventDate "2008.10.30"]
[EventRounds "7"]
[EventCountry "BRA"]
[Source "lmi"]
[SourceDate "2008.10.30"]

1. e4 c5 2. Nf3 Nc6 3. Bb5 e6 4. O-O Nge7 5. Re1 a6 6. Bxc6 Nxc6 7. d4 cxd4 8.
Nxd4 Be7 9. Nc3 O-O 10. Be3 d5 11. exd5 exd5 12. Nce2 Bf6 13. Qd2 Ne5 14. b3
Be6 15. Rad1 Rc8 16. f3 Nc6 17. c3 Re8 18. Nf4 Qc7 19. Nde2 Rcd8 20. Nh5 Be5
21. Bf4 f6 22. Bg3 Bf7 23. Nhf4 b5 24. Nd4 Nxd4 25. cxd4 Bd6 26. Ne2 Bxg3 27.
hxg3 Rc8 28. Nf4 g5 29. Rxe8+ Rxe8 30. Rc1 Qd6 31. Ne2 h5 32. Kf2 Kg7 33. Rc5
Qe6 34. Nc3 Qd6 35. Ne2 Re7 36. f4 g4 37. Nc3 Re8 38. b4 Qd7 39. Nd1 Qf5 40.
Ne3 Qe4 41. Rc7 f5 42. Nc2 Re6 43. Na1 Rg6 44. Nb3 h4 45. Nc5 hxg3+ 46. Kxg3
Qe8 47. Kf2 Qd8 48. Rd7 Qh4+ 49. Ke2 Qg3 50. Kd1 Rh6 51. Kc1 0-1